Le nom des pokémon de la première génération en Anglais - Statistiques

Statistiques générales
  • Ce quiz a été pris 21 fois
  • Le résultat moyen est 114 sur 200
Statistiques - réponses
Pokémon Nom Anglais % Correct
Dracaufeu Charizard
94%
Méga-Dracaufeu Y Charizard Mega Y
94%
Méga-Dracaufeu X Charizard Mega X
94%
Pikachu Pikachu
94%
Raichu d'Alola Alolan Raichu
89%
Bulbizarre Bulbasaur
89%
Mew Mew
89%
Mewtwo Mewtwo
89%
Méga Mewtwo X Mewtwo Mega X
89%
Méga Mewtwo Y Mewtwo Mega Y
89%
Raichu Raichu
89%
Abra Abra
83%
Tortank Blastoise
83%
Méga Tortank Blastoise Mega
83%
Carapuce Squirtle
83%
Alakazam Alakazam
78%
Méga Alakazam Alakazam Mega
78%
Rattata d'Alola Alolan Rattata
78%
Arcanin Arcanine
78%
Artikodin Articuno
78%
Dracolosse Dragonite
78%
Evoli Eevee
78%
Artikodin de Galar Galarian Articuno
78%
Electhor de Galar Galarian Zapdos
78%
Arcanin de Hisui Hisuian Arcanine
78%
Paras Paras
78%
Psykokwak Psyduck
78%
Rattata Rattata
78%
Electhor Zapdos
78%
Taupiqueur d'Alola Alolan Diglett
72%
Miaouss d'Alola Alolan Meowth
72%
Salamèche Charmander
72%
Taupiqueur Diglett
72%
Florizarre Venusaur
72%
Méga-Florizarre Venusaur Mega
72%
Electrode Electrode
72%
Miaouss de Galar Galarian Meowth
72%
Sulfura de Galar Galarian Moltres
72%
Electrode de Hisui Hisuian Electrode
72%
Herbizarre Ivysaur
72%
Kabuto Kabuto
72%
Kabutops Kabutops
72%
Kadabra Kadabra
72%
Miaouss Meowth
72%
Sulfura Moltres
72%
Nidoqueen Nidoqueen
72%
Nidorina Nidorina
72%
Tauros de Paldea Paldean Tauros
72%
Parasect Parasect
72%
Ronflex Snorlax
72%
Tauros Tauros
72%
Triopikeur d'Alola Alola Dugtrio
67%
Feunard d'Alola Alolan Ninetales
67%
Rattatac d'Alola Alolan Raticate
67%
Arbok Arbok
67%
Triopikeur Dugtrio
67%
Abo Ekans
67%
Ectoplasma Gengar
67%
Méga Ectoplasma Gengar Mega
67%
Kicklee Hitmonlee
67%
Mackogneur Machamp
67%
Magmar Magmar
67%
Nidoking Nidoking
67%
Nidorino Nidorino
67%
Feunard Ninetales
67%
Onix Onix
67%
Roucarnage Pidgeot
67%
Méga Roucarnage Pidgeot Mega
67%
Rattatac Raticate
67%
Aquali Vaporeon
67%
Voltorbe Voltorb
67%
Grotadmorv d'Alola Alolan Muk
61%
Persian d'Alola Alolan Persian
61%
Goupix d'Alola Alolan Vulpix
61%
Chenipan Caterpie
61%
Reptincel Charmeleon
61%
Mélodelfe Clefable
61%
Mélofée Clefairy
61%
Voltorbe de Hisui Hisuian Voltorb
61%
Dodrio Dodrio
61%
Doduo Doduo
61%
Pyroli Flareon
61%
Ponyta de Galar Galarian Ponyta
61%
Léviator Gyarados
61%
Méga-Léviator Gyarados Mega
61%
Tygnon Hitmonchan
61%
Voltali Jolteon
61%
Krabboss Krabboss
61%
Krabby Krabby
61%
Magicarpe Magikarp
61%
Grotadmorv Muk
61%
Persian Persian
61%
Roucoups Pidgeotto
61%
Roucool Pidgey
61%
Ponyta Ponyta
61%
Porygon Porygon
61%
Tentacool Tentacool
61%
Goupix Vulpix
61%
Galopa de Galar Alolan Rapidash
56%
Sabelette d'Alola Alolan Sandshrew
56%
Canarticho Farfetch'd
56%
Canarticho de Galar Galarian Farfetch'd
56%
Flagadoss de Galar Galarian Slowbro
56%
Akwakwak Golduck
56%
Machoc Machop
56%
Chrysacier Metapod
56%
Galopa Rapidash
56%
Rhinocorne Rhyhorn
56%
Sabelette Sandshrew
56%
Flagadoss Slowbro
56%
Méga Flagadoss Slowbro Mega
56%
Piafabec Spearow
56%
Tentacruel Tentacruel
56%
Carabaffe Wartortle
56%
Racaillou d'Alola Alolan Geodude
50%
Grolem d'Alola Alolan Golem
50%
Sablaireau d'Alola Alolan Sandslash
50%
Dardargnan Beedrill
50%
Méga Dardargnan Beedrill Mega
50%
Leveinard Chansey
50%
Métamorph Ditto
50%
Draco Dragonair
50%
Noeunoeuf Exeggcute
50%
Rapasdepic Fearow
50%
M. Mime de Galar Galarian Mr. Mime
50%
Ramoloss de Galar Galarian Slowpoke
50%
Racaillou Geodude
50%
Grolem Golem
50%
Hypnomade Hypno
50%
Rondoudou Jigglypuff
50%
Lokhlass Lapras
50%
Machopeur Machoke
50%
Magnéti Magnemite
50%
Magnéton Magneton
50%
M. Mime Mr. Mime
50%
Amonita Omanyte
50%
Amonistar Omastar
50%
Rhinoféros Rhydon
50%
Sablaireau Sandslash
50%
Ramoloss Slowpoke
50%
Nosférapti Zubat
50%
Ptéra Aerodactyl
44%
Méga Ptéra Aerodactyl Mega
44%
Noadkoko d'Alola Alolan Exeggcutor
44%
Ossatueur d'Alola Alolan Marowak
44%
Papilusion Butterfree
44%
Minidraco Dratini
44%
Noadkoko Exeggcutor
44%
Nosféralto Golbat
44%
Coconfort Kakuna
44%
Ossatueur Marowak
44%
Nidoran Femelle Nidoran Female
44%
Têtarte Poliwhirl
44%
Stari Staryu
44%
Osselait Cubone
39%
Elektek Electabuzz
39%
Smogogo de Galar Galarian Weezing
39%
Fantominus Gastly
39%
Ortide Gloom
39%
Poissirène Goldeen
39%
Spectrum Haunter
39%
Lippoutou Jynx
39%
Kangourex Kangashkan
39%
Méga Kangourex Kangashkan Mega
39%
Nidoran Male Nidoran Male
39%
Scarabrute Pinsir
39%
Méga Scarabrute Pinsir Mega
39%
Insécateur Scyther
39%
Otaria Seel
39%
Staross Starmie
39%
Aéromite Venomoth
39%
Aspicot Weedle
39%
Smogogo Weezing
39%
Grodoudou Wigglytuff
39%
Gravalanch d'Alola Alolan Graveler
33%
Gravalanch Graveler
33%
Caninos Growlithe
33%
Caninos de Hisui Hisuian Growlithe
33%
Smogo Koffing
33%
Excelangue Lickitung
33%
Férosinge Mankey
33%
Mystherbe Oddish
33%
Tartard Poliwrath
33%
Colossinge Primeape
33%
Hypocéan Seadra
33%
Saquedeneu Tangela
33%
Empiflor Victreebel
33%
Rafflesia Vileplume
33%
Tadmorv d'Alola Alolan Grimer
28%
Chétiflor Bellsprout
28%
Crustabri Cloyster
28%
Lamantine Dewgong
28%
Tadmorv Grimer
28%
Hypotrempe Horsea
28%
Ptitard Poliwag
28%
Poissoroy Seaking
28%
Mimitoss Venonat
28%
Boustiflor Weepinbell
28%
Soporifik Drowzee
22%
Kokiyas Shellder
22%
Aucun quiz correspondant
Distribution des résultats
% des personnes avec chaque résultat
Percentile par nombre de réponses
Votre historique - résultats
Vous n’avez pas pris ce quiz